00923nam a2200277Ia 450000500170000000800410001702000180005808200160007610000190009224500660011125000180017730000630019549000100025860000540026865000290032265000380035165000330038970000410042294200120046326400320047533600270050733700330053433800280056704000350059599900150063020220317001544.0161108s2009 sp ao g 000 0 s  a978843423466604a925.3bE35t1 aTello, Antonio10aAlbert EinsteinctextobAntonio Tello ; ilustracionesbArmand a1a. edición a63 páginasbilustraciones, fotografías en colorc27 cm aYo...14aEinstein, Albertd1879-1955xBiografías 975702142LEMBaFísicaxHistoria142LEMBaCientíficosxBiografías142LEMBaRelatividad (Física)1 aVillavert, Armandeilustrador975704 2ddccBK aBarcelonabParramónc2009 atextobtxt2rdacontent asin mediaciónbn2rdamedia avolumenbnc2rdacarrier aCO-BoRNBPbspaerdacCO-BoRNBP c7354d7354